00000000nas 2200000zi 4500
0019.942840
003CaOODSP
00520251022125144
006m     o  d f      
007cr cn|||||||||
008240904d19731983oncux p o    f0###a0eng|d
040 |aCaOODSP|beng|erda|cCaOODSP
043 |an-cn---
0861 |aId12-4E-PDF
24500|aImport analysis.
264 1|aOttawa, Canada : |bGovernment of Canada, Industry, Trade and Commerce = Gouvernement du Canada, Industrie et commerce, |c1973-1983.
310 |aIrregular
336 |atext|btxt|2rdacontent
337 |acomputer|bc|2rdamedia
338 |aonline resource|bcr|2rdacarrier
3621 |aBegan with : I.A. DIV. 1-75; ceased with : Pub. no. 00683-F.
500 |aEach issue has a distinctive title.
500 |aIssued also in French under title: Analyse des importations.
500 |aDigitized edition from print [produced by Innovation, Science and Economic Development Canada].
500 |aCaption title.
500 |aIncludes indexes.
650 0|aCommercial products|zCanada|vPeriodicals.
655 7|aPeriodicals|2lcgft
7101 |aCanada. |bIndustry, Trade and Commerce, |eissuing body.
77508|tAnalyse des importations.|w(CaOODSP)9.942839
78500|tImport analysis.|w(CaOODSP)9.897955